| 000 | 00957nam a22002297a 4500 | ||
|---|---|---|---|
| 999 |
_c1934 _d1934 |
||
| 003 | AR-CdUCM | ||
| 008 | 190228b ||||| |||| 00| 0 spa d | ||
| 020 | _a9682460697 | ||
| 040 |
_aMUNICIPALIDAD PROVINCIAL DEL CUSCO _cBIBLIOTECA MUNICIPAL DEL CUSCO |
||
| 082 |
_21ra. ed. _a808.02 / _bS85 |
||
| 100 |
_aIñigue Súarez, Enrique _97070 |
||
| 245 |
_aCómo hacer la Tesis : _cIñigue Súarez, Enrique _bLa Solución a un problema / |
||
| 260 |
_aMéxico : _bTrillas . _c2000. |
||
| 300 |
_a83 paginas : _c23 paginas. |
||
| 505 | _aAnálisis Económico y Fuentes Humanísticas -- Área del conocimiento y práctica de investigación -- Bibliografías -- Centro de Investigaciones y Servicios Educativos -- Concentración -- Protocolo de Investigación... | ||
| 650 |
_aTesis. _91981 |
||
| 650 |
_aBibliografías. _9991 |
||
| 650 |
_aAnálisis Social. _97071 |
||
| 700 |
_aIñigue Súarez, Enrique _97070 |
||
| 942 |
_2ddc _cLIBROS |
||
| 945 |
_artm _d2019-02-28 |
||